| 000 | 00000nam 2200000zi 4500 |
| 001 | 9.922109 |
| 003 | CaOODSP |
| 005 | 20230501140207 |
| 006 | m o d f |
| 007 | cr |n||||||||| |
| 008 | 230501s1995 onc o f000 0 fre d |
| 040 | |aCaOODSP|bfre|erda|cCaOODSP |
| 043 | |an-cn--- |
| 086 | 1 |aNH15-843/1995F-PDF |
| 245 | 00|aCadre stratégique national à l'intention des exportateurs canadiens du secteur de l'habitation : |brapport du Groupe d'étude fédéral des stratégies d'exportation relatives à l'habitation. |
| 264 | 1|a[Ottawa] : |bSociété canadienne d'hypothèques et de logement, |c[1995] |
| 300 | |a1 ressource en ligne (i, 15 pages) |
| 336 | |atexte|btxt|2rdacontent/fre |
| 337 | |ainformatique|bc|2rdamedia/fre |
| 338 | |aressource en ligne|bcr|2rdacarrier/fre |
| 500 | |aÉdition numérisée de l'imprimé [par Innovation, Sciences et Développement économique Canada]. |
| 500 | |aPublié aussi en anglais sous le titre : National strategic framework for Canada's housing exporters : report of the Federal Housing Export Strategies Task Force. |
| 650 | 6|aHabitations|xConstruction|zCanada. |
| 650 | 6|aHabitations|zCanada. |
| 650 | 6|aConstruction|zCanada. |
| 650 | 6|aConstruction|xMatériaux|zCanada. |
| 650 | 6|aCommerce international|xPromotion|zCanada. |
| 650 | 6|aMarchés d'exportation|zCanada. |
| 710 | 2 |aSociété canadienne d'hypothèques et de logement, |eorganisme de publication. |
| 775 | 08|tNational strategic framework for Canada's housing exporters : |w(CaOODSP)9.892482 |
| 856 | 40|qPDF|s1.34 Mo|uhttps://publications.gc.ca/collections/collection_2023/isde-ised/NH15-843-1995-fra.pdf |